000 00460nam a2200193Ia 4500
008 101110s9999 xx 000 0 und d
041 _aHINDI
082 _bSR19339
_a891.432009
100 _aSuryawanshi Kamal
245 _aNatakkar Dr.Rajkumar Varma
365 _b120
520 _aHindi
546 _aHINDI
630 _aNatakkar Dr.Rajkumar Varma
650 _aHindi
655 _aHindi
730 _aNatakkar Dr.Rajkumar Varma
942 _cBOOK
999 _c812676
_d812673